00976nam a22002777a 4500003000900000005001700009007000300026008003500029020001800064040003500082082002600117100004100143245011200184260001200296264003900308300004800347336002700395337003500422338003000457650004200487650002800529650004600557650003400603700004200637710001900679DO-SdBPM20250804113919.0ta160412b2011 dr| || 00| 0 spa d a9786074360271 aDO-SdBPMbspacBPMSUerdadrda 4a372.7bG984m 20112221 aGutiérrez Corona, Jesús Enrique 10aMapas mentales de matemáticas / c Jesús Enrique Gutiérrez Corona; editorial Jesús Gutiérrez Roa  a b c  aMéxico :bLexus Editores, c2011 a303 págianas : bilustraciones : c27 cm atextobtxt2rdacontent asin mediación bn2rdamedia  avolumen bnc2rdacarrier  7aMatemáticas xEnseñanza básica  7aAlgebra xEnseñanza  a Geometría - Enseñanza xEnseñanza  7aTrigonometría xEnseñanza1 aGutiérrez Roa, Jesús eeditorial 2 aLexus Editores